000 01161cam a22003377a 4500
003 CHAP
005 20220817043809.0
008 010925d2001 it rn 00110 spa d
010 _a84720
011 _a85692
020 _a9253045094
035 _a96227
040 _cCHAP
082 0 4 _a338.9
_bF43Y v.6
110 2 _aFAO
245 1 0 _aManual para el diseño e implementación de un sistéma de información para la seguridad alimentaria y la alerta temprana (SISAAT)
_c/por FAO.
260 _aRome :
_bFAO,
_c2001.
300 _a137 p.
490 0 _aFAO. Política agrícola y desarrollo económico
_v; 6
590 _aBATCH-UPD
_b10
_c20130110
_lUCH01
_h0633
590 _aBATCH-UPD
_b10
_c20130410
_lUCH01
_h0317
590 _aBATCH-UPD
_b10
_c20130914
_lUCH01
_h1351
590 _aCONVERSION
_b10
_c20130109
_lUCH01
_h1347
650 1 2 _aSistemas de información
_9106760
650 1 4 _aPolítica alimentaria.
_990389
830 0 _aFAO. Política agrícola y desarrollo económico
_v; 6
_939650
901 _aBK
905 _aMayto Villalobos S.
942 _cLIBRO
949 _a338.9 F43Y v.6
_bBC
_cFAO
_d33724000855581
_eFAO1
_h101634
_i96227
_kDonaciØn
_sb
999 _c84720
_d84720